000 01274nam a22003377a 4500
003 DO-SdBPM
005 20250626084423.0
008 151113b 2018 dr ||| 00| 0 spa d
020 _a9789945913750
040 _aDO-SdBPM
_bspa
_cBPMSU
_erda
082 4 _aRD863.3
_bG182e 2018
_222
100 1 _aGalván, Manuel de Jesús,
_d1834-1910
_eautor
245 1 0 _aEnriquillo /
_cManuel de Jesús Galván ; prólogo de Mu-Kien Sang Ben
250 _a
264 _aSanto Domingo :
_bInstitulo Superior de Formación Docente Salomé Ureña ,
_c2018
300 _a478 páginas . ;
_b23 cm.
336 _atexto
_btxt
_2rdacontent
337 _asin mediación
_bn
_2rdamedia
338 _avolumen
_bnc
_2rdacarrier
490 0 _aClásicos dominicanos :
_aNarrativa,
_v1
500 _3Incluye datos biográficos del autor en la la solapa de la cubierta
500 _3Incluye referencias bibliográficas y notas al pie de las páginas
590 _aInventariado, 2025/VM
590 _6Inventariado, 2025/VM
650 7 _aNovela histórica dominicana
650 7 _aIndígenas de La Española
_vNovela
650 7 _aLiteratura dominicana
700 1 _aSang Ben, Mu-Kien Adriana,
_d1955-
_e prólogo
910 _aVMateo V. Control de calidad. BPMSU
942 _2ddc
_cBK
999 _c15222
_d15222